| 000 | 00385nam a2200145Ia 4500 | ||
|---|---|---|---|
| 008 | 211109s9999||||xx |||||||||||||| ||und|| | ||
| 082 |
_a824 _bJOH-E |
||
| 100 | _aJohn, Dryden | ||
| 245 | 0 | _aEssays of John Dryden | |
| 260 |
_bOxford University Press _aLondon _c1900 |
||
| 300 | _a323p. | ||
| 630 | _xGeneral Stack | ||
| 650 |
_aEnglish Litertaure _vEnglish Essays _xEnglish |
||
| 942 | _cBOOK | ||
| 999 |
_c460 _d460 |
||